Quiz wielokrotnego wyboru o Pcimiu - Statystyki

Ogólne statystyki
  • Ten quiz został rozwiązany 5 razy
  • Średni wynik to 12 z 15
Statystyki odpowiedzi
Zagadnienie Odpowiedź % Poprawnych
Jak nazywa się klub piłkarski z Pcimia? KS Pcimianka Pcim
100%
W jakim województwie leży Pcim? Małopolskie
100%
W jakiej gminie jest Pcim? Pcim
100%
Jakie miejscowości są w Gminie Pcim? Pcim,Stróża,Trzebunia
100%
Jak nazywa się rzeka która przepływa przez Pcim? Raba
100%
Jak nazywa się droga ekspresowa która przechodzi przez Pcim? Zakopianka
100%
Jaki jest kod pocztowy w Pcimiu? 32-432
75%
Pcim leży przy drodze krajowej nr: 7
75%
W jakim regionie geograficznym leży Pcim? Beskid Wyspowy
75%
Jakie imię nosi Kościół Parafialny w Pcimiu? Im.Świętego Mikołaja
75%
Jakie są główne tablice rejestracyjne w Pcimiu? KMY
75%
Do jakiego powiatu należy Pcim? Myślenicki
75%
Kto jest wójtem Gminy Pcim? Piotr Hajduk
75%
W którym roku powstał Pcim? 1351
50%
Jaka jest liczba mieszkańców w Pcimiu? (Stan na rok 2022) 5578
50%
Nie znaleziono quizów pasujących do podanych kryteriów
Rozkład punktacji
Procent ludzi z każdym wynikiem
Percentyl według liczby udzielonych odpowiedzi
Twoja historia wyników
Nie rozwiązałeś tego quizu